Normal view
MARC view
- الإرهاب الدولي - السياسة الدولية - الارهاب - جوانب اجتماعية
Entry Topical Term
001 - CONTROL NUMBER
- control field: 50274
003 - CONTROL NUMBER IDENTIFIER
- control field: JO-AjAnu
005 - DATE AND TIME OF LATEST TRANSACTION
- control field: 20230606082259.0
008 - FIXED-LENGTH DATA ELEMENTS
- fixed length control field: 230606|| aca||aabn | a|a d
040 ## - CATALOGING SOURCE
- Original cataloging agency: JO-AjAnu
- Transcribing agency: JO-AjAnu
150 ## - HEADING--TOPICAL TERM
- Topical term or geographic name entry element: الإرهاب الدولي - السياسة الدولية - الارهاب - جوانب اجتماعية
670 ## - SOURCE DATA FOUND
- Source citation: Work cat.: (JO-AjAnu)25703: الشرفات، سعود فياض, author 50273, العولمة والإرهاب : عالم مسطح أم وديان عميقة